| 000 | 00708nam a22002417a 4500 | ||
|---|---|---|---|
| 003 | UA-OsUOA | ||
| 001 | 20676 | ||
| 007 | ta | ||
| 008 | 20031103b un ||||| |||| 00| 0 ukr d | ||
| 100 | _aШубин Б.М. | ||
| 090 |
_a929:821 _bШ95 |
||
| 942 | _cBK | ||
| 040 |
_aUA-OsUOA _brus _cUA-OsUOA _dUA-OsUOA |
||
| 245 |
_aДополнение к портретам _bСкорбный лист, или История болезни Александра Пушкина; Доктор А.П. Чехов |
||
| 300 |
_a222 с. _bІлюстрації |
||
| 955 | _a0 | ||
| 041 | _arus | ||
| 080 | _a929:821 | ||
| 260 |
_aМосква _bЗнание _c1985 |
||
| 044 | _aRU | ||
| 650 | 7 | _2UDC | |
| 999 |
_c306856 _d306856 |
||